000 01144nam a22003252 4500
001 14616
003 BD-RjUL
005 20211208235648.0
008 140206s1947 cau b 001 0 eng d
035 _a(BD-RjUL)14669
040 _aRID
_cRID
_dBD-RjUL
_beng
041 0 0 _aeng
082 _a136.765082
_bTEG 1947
100 1 _aTerman, Lewis M.
_q(Lewis Madison),
_d1877-1956.
_945562
245 1 4 _aThe gifted child grows up :
_btwenty-five years' follow-up of a superior group /
_cby Lewis M. Terman and Melita H. Oden, in association with Nancy Bayley ... [et al.].
260 _aStanford, Calif :
_bStanford University Press,
_cc1947.
300 _axiv, 448 p. ;
_c23 cm.
490 1 _aGenetic studies of genius ;
_vv. 4
500 _aIncludes index.
500 _aIncludes tables.
504 _aBibliography: p. 383-391.
650 0 _aGenius.
_937487
650 0 _aGifted children.
_945563
830 0 _vv. 4
_945570
700 1 _aOden, Melita H.
_945565
700 1 _aBayley, Nancy,
_d1899-
_945566
740 0 1 _aTwenty-five years' follow-up of a superior group.
830 0 _aGenetic studies of genius ;
_945571
942 _2ddc
_cBK
999 _c14616
_d14616